000 01230cam a2200385 a 4500
001 679404
003 OSt
005 20140310181750.0
008 950515s1995 paua b 001 0 eng d
010 _a 95155438
020 _a1566393558
020 _a1566393566 (pbk.)
035 _a(OCoLC)32480391
040 _aOTU
_cOTU
_dDLC
042 _alccopycat
043 _aa-ph---
050 0 0 _aPL 5546
_b.D611 1995
082 0 0 _aFil 306
_bR12 1995
245 0 0 _aDiscrepant histories :
_btranslocal essays on Filipino cultures /
_cedited by Vicente L. Rafael.
260 _aPhiladelphia :
_bTemple University Press,
_c1995.
300 _axxviii, 331 p. :
_bill. ;
_c24 cm.
440 0 _aAsian American history and culture
504 _aIncludes bibliographical references and index.
562 _e1
590 _aIn English.
651 0 _aPhilippines
_xCivilization.
651 0 _aPhilippines
_xHistory.
651 0 _aPhilippines
_xSocial conditions.
651 0 _aPhilippines
_xColonization.
700 1 _aRafael, Vicente L.
906 _a7
_bcbc
_ccopycat
_d2
_encip
_f19
_gy-gencatlg
942 _2lcc
_cBK
999 _c3164
_d3164